000 00401nam a22001697a 4500
003 NUST - PNEC
005 20170116181026.0
008 150917b xxu||||| |||| 00| 0 eng d
020 _a-
040 _cLIBRARY
082 _a621.81 SIN
100 _910846
_aSingh, Satbir
245 _aElectrical Mechanism
_cSatbir Singh
260 _cc.2005
650 _910847
_aMechanism
_xEL
942 _2ddc
_cBK
999 _c67568
_d67568